| 000 | nam a22 a 4500 | ||
|---|---|---|---|
| 999 |
_c173547 _d173547 |
||
| 003 | BLK | ||
| 005 | 20221222090231.0 | ||
| 008 | 180411b bul|||||r ||||||| ||bul|| | ||
| 010 | _aKNG00181960000 | ||
| 040 | _aBLK | ||
| 041 |
_aBUL _cBUL |
||
| 080 |
_aГеография на Северна Америка _b917 _z917 |
||
| 100 | 1 |
_aСтанков, Георги Николов _eпърви автор _9339547 |
|
| 139 |
_aСтанков, Георги Николов _bС 69 |
||
| 245 | 1 | 0 |
_aОт леденика Маласпина до Долината на смъртта _bГеогр. очерк за Кордилерите _cГеорги Николов Станков. |
| 257 | _aBGR | ||
| 260 |
_aСофия _bНар. просв. _c1966 |
||
| 300 |
_a108 с. _bс ил., 1 л. к. _c18 см |
||
| 380 | _a91 | ||
| 490 |
_aГеографска библиотека _vГ. V, кн. 3 _9202613 |
||
| 500 | _a10 079 тир. | ||
| 650 | 4 |
_aСеверна Америка - география _9261995 |
|
| 653 | _aСеверна Америка | ||
| 852 | _aЦб І 8467 | ||
| 856 | 4 |
_qpdf _i0.00 _ldisable |
|
| 856 | 4 |
_qpdf _i0.00 _ldisable |
|
| 942 |
_cKNG _n0 _s1 |
||
| 944 |
_aCR _c16.09.2015 _kКина_Георгиева |
||
| 944 |
_aED _c2022-12-22 _kир |
||
| 999 | _d173547 | ||